[Event "Corus"]
[Site "Wijk aan Zee"]
[Date "2010.01.27"]
[Round "10"]
[White "Kramnik, Vladimir"]
[Black "Ivanchuk, Vassily"]
[Result "1/2-1/2"]
[WhiteElo "2788"]
[BlackElo "2749"]
[Annotator "Krasenkow,M"]
[PlyCount "80"]
[EventDate "2010.01.16"]
[EventType "tourn"]
[EventRounds "13"]
[EventCountry "NED"]
[EventCategory "19"]
[SourceTitle "CBM 135"]
[Source "ChessBase"]
[SourceDate "2010.03.17"]
[SourceVersion "1"]
[SourceVersionDate "2010.03.17"]
[SourceQuality "1"]

1. d4 Nf6 2. c4 e6 3. Nf3 d5 4. Nc3 dxc4 5. e4 Bb4 6. Bg5 h6 7. Bxf6 Qxf6 8.
Bxc4 c5 9. O-O O-O (9... cxd4 {is a common alternative but the whole line is
quite rare.}) 10. e5 Qd8 11. Qe2 {Or else:} (11. a3 cxd4 12. axb4 dxc3 13. bxc3
Qc7 (13... Qxd1 $6 14. Rfxd1 Bd7 15. Bd3 Rc8 16. c4 Bc6 17. Nd4 b6 18. Nb5 a5
19. Nd6 $16 {1-0 Schoen,W (2405)-Martin,A (2415)/Gausdal 1989/EXT 1997 (31)})
14. Qe2 Bd7 15. b5 Be8 16. Bd3 Nd7 17. Qe4 g6 18. Qe3 Kg7 19. Ra3 Qc5 20. Qxc5
Nxc5 21. Be2 a5 22. bxa6 bxa6 23. Rfa1 Rc8 {1/2 Bogoljubow,E-Tartakower,S/
Maehrisch Ostrau 1923/HCL}) (11. Ne4 cxd4 12. a3 Be7 13. Qxd4 (13. Nxd4 $2 Qc7)
13... Qxd4 14. Nxd4 Nd7 15. f4 Nc5 16. Nc3 Rd8 17. Rad1 Bd7 18. Rd2 Rac8 19.
Ba2 Na4 $11 {1-0 Sharavdorj,D (2441)-Jahedi,S (2106)/Berkeley 2008/CBM 127
Extra (53)}) (11. d5 $5 exd5 $2 (11... Bxc3 $1) 12. Bxd5 $2 (12. Nxd5 $1 $16)
12... Bxc3 13. bxc3 Nc6 (13... Qc7 $5) 14. Bxc6 bxc6 15. Qa4 Qc7 16. Rfd1 Be6
17. Qa3 c4 18. Rd6 Bd5 19. Nd4 Qe7 20. f4 Qh4 21. Rf1 Qg4 22. Qb2 Rab8 23. Qf2
$14 {1/2 Gligoric,S-Karaklajic,N/Sarajevo 1951/EXT 2002 (61)}) (11. dxc5 $5 {
K.Sakaev} Qxd1 12. Rfxd1 Bxc5 13. Rac1 $36) 11... cxd4 12. Rad1 (12. Rfd1 Nc6
13. Qe4 Bxc3 14. bxc3 Bd7 15. cxd4 Ne7 16. Bd3 g6 17. Qf4 Kg7 18. Be4 Nd5 19.
Bxd5 exd5 20. Rdc1 Be6 21. Rab1 {1/2 Fressinet,L (2658)-Movsesian,S (2711)/
Heidelberg GER 2010/The Week in Chess 799}) (12. Ne4 Bd7 13. Rfd1 $5 Nc6 14. a3
Be7 15. b4 Qb8 16. Ng3 b5 17. Bxb5 Nxe5 18. Bxd7 Nxd7 19. Nxd4 $14 {1/2
Grischuk,A (2736)-Aronian,L (2781)/Linares ESP 2010/The Week in Chess 798 (101)
}) 12... Bd7 (12... Nc6 $5 13. Nb5 Bc5 14. Qe4 Bd7 15. Nbxd4 Qe7 (15... Nxd4 $5
16. Nxd4 Qb6 $11) 16. Bd3 g6 17. Nb3 Bb6 18. Qf4 Kg7 19. h4 Nb4 20. Be4 Bb5 21.
Rfe1 Rfd8 22. Nbd4 Ba4 23. b3 Be8 $11 {0-1 Guimard,C-Fine,R/New York 1951/MCL 
(40)}) 13. Ne4 $5 {White transfers his knight to the kingside to create an
attack.} (13. Rxd4 $5 {, with play in the centre, was a worthy alternative:}
Nc6 14. Rd3 Qc8 15. Rfd1 Rd8 16. Bb3 Be8 17. Nb5 $14 {[%csl Rd6]}) 13... Nc6
14. Ng3 Qc7 (14... Qa5 $5 15. Bd3 $140 Qxa2) 15. Bd3 Ne7 {[%mdl 256]} (15...
Rfd8 16. Qe4 g6 17. h4 $36) 16. Rc1 $1 (16. Qe4 g6 17. Nxd4 Rfd8 18. Nh5 Nd5
$132) 16... Bc6 17. Nxd4 Rad8 $5 (17... Rfd8 $5 18. Rc4 Qb6 19. Qg4 Bd2 $1 (
19... Bd5 $2 20. Nh5 g6 21. Nf6+ Kh8 22. Qf4 Ng8 23. Nxd5 exd5 24. Rxb4 Qxb4
25. Qxf7 $1 $18) 20. Rd1 Qxb2 21. Nxe6 fxe6 22. Qxe6+ Kh8 23. Rc2 Qb4 24. Rcxd2
Ba4 25. a3 $1 Qxa3 26. Bc2 Rxd2 27. Rxd2 Bxc2 28. Rxc2 Qa1+ 29. Nf1 Nc6 $11 {
K.Sakaev}) 18. Rc4 Qb6 19. Qg4 Bc5 $5 (19... Bd5 20. Nh5 g6 21. Nf6+ Kh8 22.
Qh4 (22. Qf4 $2 g5 $1 23. Nxd5 exd5 {, and the f7 pawn is protected - that's
the difference from 17...Rfd8}) 22... Ng8 23. Nxd5 Rxd5 $11 {K.Sakaev}) 20. Nh5
g6 21. Bxg6 $6 {Logical but probably wrong!} (21. Nxc6 bxc6 22. Qg3 Bd4 $132)
21... Nxg6 (21... fxg6 $143 22. Nf6+ Kh8 23. Nxe6 Bxf2+ 24. Rxf2 Rd2 25. Rd4 $1
Rxf2 26. Kxf2 Qxb2+ 27. Qe2 Qxe2+ 28. Kxe2 Rc8 29. Kf2 $14 {[%csl Ge6,Gf6]})
22. Nxe6 Be7 $1 23. Nxd8 (23. Nhf4 Kh7 24. Nxg6 (24. Qf5 Qb5 $1) 24... fxg6 25.
Rf4 Rde8 26. Nxf8+ Rxf8 27. Rxf8 Bxf8 $17 {K.Sakaev}) 23... Qxd8 $1 (23... Rxd8
$143 24. e6 Bd5 25. exf7+ Bxf7 26. Re4 $36 {K.Sakaev}) 24. e6 Qd5 $1 25. exf7+
Kh7 {White's attack is parried so he decides to liquidate into a gloomy
endgame. In the middlegame Black's minor pieces would be stronger than White's
rook, too.} 26. Qxg6+ ({Or} 26. Nf4 Qxf7 27. Nxg6 Qxg6) 26... Kxg6 27. Nf4+
Kxf7 28. Nxd5 Bxd5 $17 {The material balance is nominally equal but Black's
bishop pair is extremely strong.} 29. Rc7 Kf6 30. Re1 Bb4 31. Rd1 Bc6 32. Rd4
$6 {This leads to new positional concessions but moves like} (32. Kf1 {are
easier to recommend than to make.}) 32... Re8 33. h4 Re1+ 34. Kh2 Bc5 (34...
Be7 $1 $19 {[%csl Rc7][%cal Re1e2,Rf6e6]}) 35. Rd2 (35. Rf4+ $5 Ke5 (35... Ke6
36. Rh7) 36. Rcf7 Bd4 37. R7f6 (37. b4 Ke6) 37... Bxb2 $17) 35... a5 36. Rc8 $6
(36. a3) 36... a4 (36... Bb4 $1 37. Rd3 Re2) 37. Rg8 (37. Kg3 $142) 37... Re4
38. Kh3 Re1 39. Kh2 Re4 40. Kh3 Re1 $4 {Overlooking a triple repetition in an
almost winning position.} (40... Bb4 41. f3 (41. Rd3 Re2 42. a3 Bc5) 41... Bxd2
42. fxe4 Ke5 43. g4 Bxe4 $17 {- White's g-pawn will not move too far.}) 1/2-1/2

[Event "Baku Presidents Cup"]
[Site "Baku"]
[Date "2010.05.01"]
[Round "7"]
[White "Sutovsky, Emil"]
[Black "Kramnik, Vladimir"]
[Result "0-1"]
[WhiteElo "2650"]
[BlackElo "2790"]
[Annotator "Minzer,C"]
[PlyCount "115"]
[EventDate "2010.04.29"]
[EventType "tourn (rapid)"]
[EventRounds "7"]
[EventCountry "AZE"]
[EventCategory "18"]
[SourceTitle "CBM 136 Extra"]
[Source "ChessBase"]
[SourceDate "2010.07.02"]
[SourceVersion "2"]
[SourceVersionDate "2010.07.15"]
[SourceQuality "1"]

{La partida decisiva con la cual Kramnik obtendría el primer puesto con 5
puntos sobre 7 posibles superando a Mamedyarov y Kamsky por mejor desempate.
Vamos a ver un resumen con las partidas de Kramnik jugando la Variante de los
cuatro caballos de negras.} 1. e4 e5 2. Nf3 Nc6 3. Bb5 Nf6 {La Variante
Berlinesa, como siempre, esta con Kramnik en los momentos importantes.} 4. Nc3
{Diagrama # Sutovsky no quiere entrar en la línea mencionada y opta por la
Variante de los Cuatro Caballos.} Nd4 {Kramnik ha jugado en varias ocasiones
este salto de caballo sin haber sufrido ninguna derrota como veremos en los
comentarios siguientes:} ({La gran alternativa es entrar en la simetría con} 
4... Bb4 5. O-O O-O 6. d3 d6 7. Bg5 Bxc3 8. bxc3 Qe7 (8... Ne7 9. Nh4 $1 Ng6
10. Nxg6 hxg6 11. f4 $14) 9. Re1 Nd8 10. d4 $14) 5. Bc4 ({En las partidas de
Kramnik podemos encontrar otras continuaciones:} 5. Nxd4 exd4 6. e5 dxc3 7.
exf6 Qxf6 {el juego se simplifica y las blancas no han obtenido nada de la
apertura} 8. dxc3 (8. Qe2+ Be7 9. dxc3 O-O 10. O-O d5 11. Bd3 Rd8 12. Bf4 Qxf4
13. Qxe7 Be6 14. g3 Qd6 15. Qh4 h6 16. Rfe1 Re8 $11 {Jenni,F-Kramnik,V/Zuerich
2001}) 8... Bc5 9. O-O O-O 10. Bxd7 Bxd7 11. Qxd7 Rad8 $44 {Con buena
compensación por el peón} 12. Qb5 (12. Qxc7 $4 Qxf2+ 13. Rxf2 Rd1#) 12... b6
13. Qc4 Qf5 14. b4 Bd6 15. Be3 Rfe8 16. g3 Qxc2 $11 {se recupera el peón con
neta igualdad} 17. Rac1 Qf5 18. Rcd1 h5 19. Rd5 Qf3 20. Rfd1 Re4 21. R1d4 Rde8
22. Rxe4 Rxe4 23. Rd4 Rxd4 24. Qxd4 f6 {1/2-1/2 Morozevich,A-Kramnik,V/Monte
Carlo 2002}) (5. Ba4 {Esta retirada, en cambio, es más ambiciosa} c6 ({también
} 5... Nxf3+ 6. Qxf3 Bc5 7. d3 c6) 6. Nxe5 d6 7. Nd3 ({las blancas no quieren
volver con su caballo a f3} 7. Nf3 {por} Bg4 {con una molesta clavada que
puede estropear la estructura blanca del flanco rey en cualquier momento}) 7...
b5 8. Bb3 a5 9. a3 d5 10. e5 (10. exd5 Bd6 $5 $36) 10... Ne4 11. O-O Nc5 12.
Nxc5 Bxc5 13. Kh1 O-O 14. Ne2 a4 15. Ba2 f6 16. Nxd4 Bxd4 17. c3 Bxe5 18. d4
$11 {Adams,M-Kramnik,V/Linares 1999}) ({O} 5. O-O c6 6. Bc4 d6 7. Nxd4 exd4 8.
Ne2 Nxe4 9. d3 Nc5 10. Nxd4 d5 11. Bb3 Be7 12. Qh5 O-O 13. Re1 Bf6 14. Be3 Ne6
15. Nxe6 Bxe6 $11 {Minkov,A-Kramnik,V/Moscú 2005}) 5... Bc5 ({En la partida
Vallejo Pons,F-Kramnik,V/Monte Carlo 2005 Kramnik permitió un ataque al estilo
Fegatello con} 5... d6 6. Ng5 d5 7. exd5 h6 8. Nf3 Bg4 9. Be2 Bxf3 10. Bxf3 Bb4
11. O-O O-O 12. d3 Bxc3 13. bxc3 Nxf3+ 14. Qxf3 Qxd5 15. Qxd5 Nxd5 16. Bb2 $11
{y luego de los cambios el juego se encaminó a las tablas.}) 6. Nxe5 Qe7 {
Diagrama # Jugada por primera vez por Marshall, las negras no defienden en f7
apostando por un mejor desarrollo.} ({Seguramente a Kramnik no le convenció} 
6... d5 7. Bxd5 Nxd5 8. Nxd5 O-O 9. c3 Re8 10. cxd4 Bxd4 11. O-O Rxe5 12. d3 c6
13. Nf4 b6 14. Qc2 Rc5 15. Qe2 Ba6 16. Be3 Qd6 17. Rac1 Rxc1 18. Rxc1 Be5 {
1/2-1/2 Shirov,A-Kramnik,V/Cazorla 1998}) 7. Nf3 ({Antiguamente las blancas
retiraban su caballo a d3:} 7. Nd3 d5 $1 8. Bxd5 (8. Nxd5 Qxe4+ 9. Ne3 Bd6 10.
O-O b5 $1 11. Bb3 Bb7 12. Ne1 Qh4 13. g3 Qh3 14. c3 h5 15. cxd4 h4 16. Qe2 $4
Qxh2+ $1 {0-1 Belsitzman,Z-Rubinstein,A/Varsovia 1926}) 8... Nxd5 9. Nxd5 Qxe4+
10. Ne3 Bd6 11. O-O Be6 $36 {Nimzowitsch-Alekhine, St Petersburg 1914}) ({
También} 7. Nxf7 Rf8 (7... Nxe4 $2 8. Nd5 $1) (7... O-O $5) 8. O-O b5 $5 $13 {
pero esta última jugada aún no se ha practicado.}) ({Es mala} 7. Bxf7+ $2 Kf8
$17 {y las piezas blancas están en problemas.}) 7... d5 8. Bxd5 {Otras jugadas
no son mejores:} (8. Nxd5 Qxe4+ 9. Ne3 Bg4 10. Be2 Nxe2 11. Qxe2 O-O-O $36 {
con un rápido desarrollo.}) ({o} 8. Nxd4 dxc4 9. Nf3 Nxe4 10. O-O O-O 11. d4
cxd3 12. cxd3 Nxc3 13. bxc3 Bg4 {y la posición de las negras es preferible,
Spielmann,R-Rubinstein,A/San Sebastian 1912}) 8... Bg4 {Diagrama # Kramnik
apuesta todo por el desarrollo, la presión sobre el caballo de f3 es muy
molesta.} 9. d3 ({Es muy peligroso} 9. Bxb7 $4 Rb8 10. Ba6 Nxe4 11. O-O O-O $17
{con un gran juego de piezas, por ejemplo:} 12. Re1 $2 Bxf3 13. gxf3 Qg5+ 14.
Kf1 Nxf2 $1 $19) 9... O-O-O (9... c6 $5 {es una alternativa a tener en cuanta.}
) 10. Bg5 $146 ({Se habia jugado} 10. Be3 Nxd5 11. Nxd5 Rxd5 $5 {sacrificio de
calidad para mantener la iniciativa} 12. exd5 Re8 13. c3 (13. O-O Bxf3 14. gxf3
Qh4 $44) 13... Nxf3+ 14. gxf3 Qh4 $1 15. Kd2 $8 Rxe3 $1 16. fxe3 Qf2+ 17. Kc1
Bxf3 18. Qe1 Bxe3+ 19. Kb1 Bxh1 20. Qxh1 Qe2 $1 21. a4 Qxd3+ 22. Ka2 Qc4+ 23.
Kb1 Qd3+ 24. Ka2 Qc4+ 25. Kb1 $11 {1/2-1/2 Vallejo Pons, F-Dominguez Perez,L/
Cuernavaca 2006}) 10... Bh5 11. Kf1 c6 12. Bc4 h6 13. Bh4 g5 14. Bg3 b5 $44 {
Diagrama # Kramnik tiene una gran iniciativa por el peón, mientras que la
situación del rey blanco en f1 hacen que la torre de h1 tenga problemas en
entrar en juego.} 15. Bb3 b4 16. Na4 ({Una situación difícil para el blanco,
se podía probar} 16. Bc4 $5 bxc3 17. bxc3 Nxf3 18. gxf3 {entregando pieza a
cambio de un fuerte centro, mientras hay mejores posibilidades de activarse
por la columna b con Tb1, por ejemplo:} Kb7 19. Kg2 Ka8 20. Re1 {etc.}) 16...
Nxe4 $1 {Diagrama #} 17. Qe1 (17. dxe4 $2 Nxb3 $19) 17... Bxf3 18. dxe4 Be2+
19. Kg1 Bb5 20. c4 $4 {Sutovsky quiere terminar drásticamente con las amenazas
de su rival.} ({Pero era mejor} 20. h3 {dando la casilla h2 al rey.}) 20...
Bxa4 $6 ({Ganaba directamente} 20... Nxb3 $1 21. axb3 (21. cxb5 Nxa1 22. Qxa1
Qxe4 $1 23. Nxc5 $140 Qe2 $19) (21. Nxc5 Nxa1 $19) 21... Bxa4 22. bxa4 (22.
Rxa4 Qxe4 $1 $19) 22... Rd4 $1 $19) 21. Bxa4 h5 (21... Rhe8 $142) 22. h4 Rhg8
23. Bd1 f5 24. hxg5 Rxg5 $2 ({Había que desviar el alfil con} 24... Nc2 $1 25.
Bxc2 Qxg5 $40 {con amenazas por la columna g.}) 25. Bh4 Rdg8 26. Kf1 $6 (26.
Bxg5 Qxg5 27. Rh2 $16) 26... f4 27. Bf3 Qe5 28. Bxg5 Rxg5 29. Qd1 $2 ({Mejor
poner en juego la torre del flanco dama con} 29. Rd1 $1) 29... Kb7 $2 (29...
Nxf3 $142 30. Qxf3 Qxb2 $44) 30. Rxh5 Rxh5 31. Bxh5 Kb6 32. Qg4 Qxe4 33. Re1
Qd3+ {Seguramente jugado en apuros de tiempo.} 34. Kg1 Qd2 35. Rd1 Qxb2 36.
Qxf4 Ne6 37. Qd2 Qf6 38. Rb1 a5 39. a3 $2 {Esto permite contrajuego al
permitir el siguiente ataque doble.} Qf5 $1 $132 40. Rb2 $2 {Entrega la pieza
con miras a encontrar un perpetuo con un segundo sacrificio, pero en realidad
no es tan claro.} (40. Qe1 $142) 40... Qxh5 41. axb4 axb4 42. Rxb4+ Kc7 {
Kramnik quiere complicar la lucha} (42... Bxb4 43. Qxb4+ Ka6 $11) 43. Rb1 Nd4
44. Qf4+ $6 {Pierde la iniciativa y, más importante, el rey blanco pierde su
refugio.} Bd6 45. Qxd4 Qh2+ 46. Kf1 Qh1+ 47. Ke2 Qxb1 $15 {/-/+ Diagrama #
Pieza por dos peones con ambos reyes en situación expuesta. En realidad todo
el riesgo de perder cae del lado de las blancas.} 48. Qg7+ Kc8 49. Qg8+ Kb7 50.
Qg7+ Bc7 51. Qf7 $2 {El riesgo de perder algún peón era grande.} ({Mayor
resistencia daba} 51. Qd4) 51... Qe4+ 52. Kf1 Qd3+ 53. Ke1 Kb6 54. c5+ Kb7 55.
Qe7 Qd4 56. Ke2 Qg4+ 57. Ke3 Qxg2 58. Qh7 $19 ({El segundo peón se gana con} 
58. Qh7 Qg5+ 59. Kf3 Qxc5) 0-1

[Event "Dortmund SuperGM 38th"]
[Site "Dortmund"]
[Date "2010.07.17"]
[Round "3"]
[White "Kramnik, Vladimir"]
[Black "Leko, Peter"]
[Result "1/2-1/2"]
[WhiteElo "2790"]
[BlackElo "2734"]
[Annotator "Marin,M"]
[PlyCount "93"]
[EventDate "2010.07.15"]
[EventType "tourn"]
[EventRounds "10"]
[EventCountry "GER"]
[EventCategory "20"]
[SourceTitle "CBM 138"]
[Source "ChessBase"]
[SourceDate "2010.09.17"]
[SourceVersion "1"]
[SourceVersionDate "2010.09.17"]
[SourceQuality "1"]

1. d4 Nf6 2. c4 e6 3. g3 d5 4. Bg2 Be7 5. Nf3 O-O 6. O-O dxc4 7. Ne5 ({
Throughout history, great players have sometimes deviated this way from the
normal} 7. Qc2) 7... Nc6 $1 {The most active answer. Black gladly returns the
pawn and sacrifices one himself for the sake of rapid piece development.} 8.
Bxc6 {This is the main line. White gives up the Catalan bishop for the sake of
winning a pawn. In doing so, he relies on the lack of kingside weaknesses for
neutralizing the strong black light-squared bishop.} (8. Nxc6 bxc6 9. Bxc6 Rb8
10. Nc3 Bb7 11. Bxb7 Rxb7 12. e3 c5 $132 {Johansson,M-Mraz,M/EU-ch36 corr 1985/
Corr Nr. 1 (0-1, 52)}) 8... bxc6 9. Nxc6 Qe8 10. Nxe7+ Qxe7 11. Qa4 e5 (11...
c5 {is equally playable and is the start of another theoretical branch.}) 12.
dxe5 Qxe5 13. Qxc4 Be6 14. Qc2 Bf5 15. Qd2 {The forced phase of the opening
has come to an end. In order to avoid repetitions, the queen has been forced
to occupy a far from natural square. Optically speaking, Black's compensation
for the pawn is out of question. However, White has a subtle plan in mind:
give up the e2-pawn and simplify to a rook and opposite-coloured bishops
ending, in which the weakness of the black queenside may tell.} Rfe8 {The less
commital move.} (15... Bh3 {defines the bishop's intentions a bit too soon,
although it may be playable anyway.} 16. Re1 Rad8 17. Qe3 Qd5 18. f3 Ng4 $6 (
18... Rfe8 $44 {Ribli}) 19. Qc3 Rfe8 20. Na3 Rxe2 $2 21. Rxe2 Qxf3 22. Bh6 (22.
Qe1 $18 {Ribli}) 22... Qxc3 23. bxc3 gxh6 $16 {Parker,J (2523)-Baburin,A (2593)
/Port Erin 1999/CBM 074/[Ribli] (1-0, 34)}) (15... Rad8 $6 {can be met by} 16.
Qf4 $1 {In view of the hanging bishop, Black has no obvious way to retrieve
the pawn, for instance} Qe6 17. Nc3 $14) 16. Re1 Bg4 {In connection with the
next moves, Black forces the exchange of the knights, thus ensuring himself
drawing chances in case of massive simplifications.} ({Another approach is to
keep the pieces on board in order to establish a massive pressure:} 16... Rab8
17. Nc3 Rb4 18. Qe3 Qa5 19. Qf3 Bc8 20. Qg2 Bb7 21. f3 Ng4 $44 {Meier,G (2641)
-Bruzon Bautista,L (2617)/Havana 2009/CBM 131 (1/2, 42)}) 17. Nc3 Ne4 18. Nxe4
Qxe4 19. Qc3 $5 $146 {This new move induces some hidden nuances. White is not
against the queen exchange, but aims to carry it out in a way that leaves the
enemy bishop badly placed.} (19. Qf4 Bxe2 20. Qxe4 Rxe4 21. Bf4 c6 22. Rac1 {
1/2 Virovlansky,S (2437)-Novikov,M (2515)/Moscow 2005/EXT 2006} Bf3 $11 {
In this line, the bishop gets to the optimal d5-square, defending the own
queenside and keeping the enemy kingside under pressure. White's structural
advantage would not offer him realistic chances for success in this case.})
19... Bxe2 20. Be3 {It may seem risky to keep playing with queens on board,
but we will see that for the time being it is not easy for Black to build up a
mating attack based on, for instance, Bf3 and Qf3.} Qf3 (20... Bf3 21. Bh6 $1
Qg4 22. Bxg7 $16) 21. Rac1 a6 22. Bd4 Qg4 $1 {The most ambitious continuation.
Black does not abandon the hope of creating kingside threats in the middlegame.
} (22... Qxc3 {leads to a favourable ending for White:} 23. Rxc3 Rac8 24. f3 f6
25. Kf2 Bb5 26. Be3 Kf7 27. Rd1 $14 {[%cal Gb2b3,Gg3g4,Gh2h4] If compared with
a similar line examined above, the black bishop is poorly placed.}) 23. Be5 $5
{Cutting off the rook's action and leaving the e2-bishop insufficiently well
defended.} f6 (23... Rac8 24. h3 $1 {[%csl Ge2]} Qh5 25. Bxg7 Qxh3 26. Bh8 Qg4
27. b4 Re6 28. Qd4 $14 {Black has structural problems on both wings.}) 24. Bxc7
{This may have been the final point of Kramnik's preparation. White has won a
pawn and engines are quite happy about that. However, the safer king's
position offer Black good prospects in the middlegame, while the queenside
majority hardly has any relevance. For the time being, White seems to be
dominating the board and there is no immediate way for Black to set up a
deadly battery Q+B. However, White will not be able to keep all the important
squares under control forever. Confronted with unexpected problems, Kramnik
will soon get back into passive defence.} Kh8 25. Qc6 Rac8 26. b3 h6 27. Rc4 $6
{Just leading to a loss of time.} Qh5 28. Rcc1 ({Maybe he had initially planned
} 28. Re4 {, but after} Rxe4 29. Qxe4 Bf3 30. Qf4 Bb7 $36 {the king's position
would be very unsafe. This is the kind of regrouping that White should avoid.})
28... Bb5 29. Qd6 Be2 (29... Rxe1+ $5 {looks like a safe way of forcing a draw:
} 30. Rxe1 Qf3 {[%cal Gb5c6]} 31. Rc1 Re8 32. Qf4 (32. h4 $2 Bc6 33. Qxc6 Re1+
$1 $15) 32... Qd5 33. Qd6 Qf3 $11) 30. h4 (30. Qc6 $5 {looks safer, although
White would again expose himself to a repetition of moves.}) 30... Re4 $1 {
Immediately taking advantage of the space left available by the enemy queen.}
31. Bd8 Rxc1 32. Rxc1 Qg6 33. Ba5 Kh7 {A nice prophylactic move, avoiding any
casual checks before starting the attacking regrouping.} 34. Re1 Qg4 35. Qd2
Qf3 36. Qc3 Qf5 37. Qd2 Qg4 {White's position is quite delicate. He has to act
with great care in order to avoid Black's decissive regrouping.} 38. Bc3 $2 {
The bishop is passive on this square and it also takes the c3-square away from
the queen.} (38. Bc7 Qf3 39. Bf4 Bd3 40. Be3 {would prevent Black's optimal
coordination.}) (38. Bb4 Qf3 (38... Rxb4 $2 39. Qxe2 $16) 39. Qc3 $1 {would be
another defensive method. However, in both cases, Black would be able to keep
playing at no risk.}) 38... Qf3 $1 $17 {[%cal Ge2d3,Gd3e4] /\...Bd3xe4} 39.
Bxf6 $5 {Desperation...} (39. Bd4 $2 Rxh4 $1 40. gxh4 Qg4+ 41. Kh2 Qxh4+ 42.
Kg2 Qg4+ 43. Kh2 Bf3 $19) 39... gxf6 40. Qd5 Bd3 $2 {There was no need to
allow a perpetual so easily.} (40... Rg4 $17) (40... Qg4 $17) 41. Qf7+ Kh8 42.
Qf8+ Kh7 43. Qf7+ Kh8 44. Rc1 Bc2 45. Qf8+ Kh7 46. Qf7+ Kh8 47. Qf8+ 1/2-1/2